000 01262cad a22002415a 4500
001 E125708
008 090507s2009 xxk f000 0 eng u
020 _a9781409810568
035 _a(Sirsi) u125708
041 _aeng
050 _a346.4104342 $2 18
110 2 _aUnited Kingdom
_bDepartment for Communities and Local Government
_94939
245 0 0 _aRegulated tenancies
_h[electronic resource]
260 _a[London]
_bDCLG
_c2009
505 2 _aSummary -- Regulated tenancies: definitions -- Security of tenure -- Fair rents -- After the rent is registered -- Unregistered rents -- Rents: some general points -- Other rights and obligations of tenants and landlords -- Protected shorthold tenancies
520 _aThis government booklet sets out the law as it now affects regulated tenancies. It explains the main points of law, especially on rent and security of tenure, for both landlords and tenants.
521 _aIntroductory
590 _aKA
651 4 _aEngland and Wales
_y1543-
690 _aPROPERTY-RESIDENTIAL PROPERTY-RESIDENTIAL LANDLORD AND TENANT-RESIDENTIAL TENANCIES
856 4 0 _uhttps://www.communities.gov.uk/publications/housing/regulatedtenancies
_zView the guidance free of charge at www.communities.gov.uk...
942 _n0
999 _c103454
_d103454